000 00698mam a2200241 a 4500
008
020 _a0881677167 (hbk.)
049 _aMAIN
090 _aRC386.6
245 0 0 _aMagnetoencephalography /
_ceditor, Susumu Sato.
260 _aNew York :
_bRaven Press,
_cc1990.
300 _axiv, 290 p. :
_bill. ;
_c26 cm.
440 0 _aAdvances in neurology ;
_vv. 54
504 _aIncludes bibliographical references.
500 _aIncludes index.
650 0 _aMagnetoencephalography.
700 1 _aSato, Susumu.
907 _a.b10257718
_b13-11-08
_c13-11-08
003
005 20230120204006.0
040 _cNUST
942 _cBOOKS
_kRC386.6
999 _c115205
_d115205